000 00881nam a2200277Ia 4500
003 OSt
005 20220923215251.0
006 a|||||r|||| 00| 0
007 ta
008 220922b |||||||| |||| 00| 0 hin d
024 _a177,248
037 _cTextual
040 _aARTS
_cARTS
_bhin
041 _2hin
_ahin
082 _aO152,1K15w, N1
100 _aराय, लल्लन
245 0 _aघनानन्द
246 _aGhanānanda
250 _aसंस्क0 2
260 _aनई दिल्ली
_b साहित्य अकादेमी
_c1991
300 _a108 पृ.
_ccm.
490 _aभारतीय साहित्य के निर्माता
650 _aहिन्दी साहित्य
_9156264
942 _hO152,1K15w, N1
_cTEXL
_2CC
999 _c330636
_d330636